Countries That Have Had an LGBT Head of Government - Statistics

General Stats
  • This quiz has been taken 553 times
    272 since last reset
  • The average score is 3 of 6
Answer Stats
Year Appointed Country % Correct
2009 Iceland
77%
2011 Belgium
73%
2017 Ireland
67%
2013 Luxembourg
63%
2017 Serbia
36%
2022 San Marino
25%
No matching quizzes found
Score Distribution
Percent of People with Each Score
Percentile by Number Answered
Your Score History
You have not taken this quiz since the last reset